Normal view MARC view

Entry Personal Name

Number of records used in: 6

001 - CONTROL NUMBER

  • control field: 162786

003 - CONTROL NUMBER IDENTIFIER

  • control field: OSt

005 - DATE AND TIME OF LATEST TRANSACTION

  • control field: 20220923212848.0

008 - FIXED-LENGTH DATA ELEMENTS

  • fixed length control field: 220923|| aca||aabn | a|a d

040 ## - CATALOGING SOURCE

  • Original cataloging agency: OSt
  • Transcribing agency: OSt

100 ## - HEADING--PERSONAL NAME

  • Personal name: उपाध्याय, विश्वम्भरनाथ; उपाध्याय, मंजुल

670 ## - SOURCE DATA FOUND

  • Source citation: Work cat.: (OSt)311681: उपाध्याय, विश्वम्भरनाथ; उपाध्याय, मंजुल, दुन्दु प्रति दुन्दु, 1991
Copyright @ Delhi University Library System